Llogarets de Mallorca. - Statistics

General Stats
  • This quiz has been taken 9 times
  • The average score is 8 of 14
Answer Stats
Llogaret Answer % Correct
Ses Olleries Santa Eugènia
100%
Ullaró Campanet
83%
Pina Algaida
67%
Biniagual Binissalem
67%
S'Esgleieta Esporles
67%
S'Estanyol de MIgjorn Llucmajor
67%
Es Llombards Santanyí
67%
Es Capdellà Calvià
50%
Es Carritxó Felanitx
50%
Biniarroi Mancor de la Vall
50%
Galilea Puigpunyent
50%
Jornets Sencelles
50%
Binibona Selva
33%
Llucalcari Deià
17%
No matching quizzes found
Score Distribution
Percent of People with Each Score
Percentile by Number Answered
Your Score History
You have not taken this quiz